• 首页
  • 本馆介绍
  • 公告通知
  • 最新文献
  • 馆藏检索
  • 电子资源
  • 读者导购
  • 参考咨询
  • 我的图书馆
  • 登录
  • 详细信息显示
  • 放入我的书架
  • 预约/预借图书
  • 作者相关作品
  • 分类相关作品
  • 丛书相关作品
  • 出版社相关作品

书目信息

  • 表格格式
  • 工作单格式
  • 卡片格式
题名:
木制品生产工艺学
    
 
作者: 本书编写组编
分册:  
出版信息: 北京   中国林业出版社  1999.10
页数: 264页
开本: 26cm
丛书名:
单 册:
中图分类: TS66
科图分类:
主题词: 木制品
电子资源:
ISBN: 7-5038-2232-5
000 00588nam0 2200205 450
001 0840798390
005 20080110112028.66
010    @a7-5038-2232-5@dCNY20.00
100    @a20080110d1999 km y0chiy0120 ea
101 0  @achi
102    @aCN@b110000
200 1  @a木制品生产工艺学@Amu zhi pin sheng chan gong yi xue@f本书编写组编
210    @a北京@c中国林业出版社@d1999.10
215    @a264页@d26cm
300    @a全国普通林业中等专业学校试用教材
606 0  @a木制品
690    @aTS66@v4
801  0 @aCN@b大连网信软件有限公司图书馆@c20080110
905    @aBZT@dTS66@e1
906    @dCNY20.00@n0@r1
    
    木制品生产工艺学/本书编写组编.-北京:中国林业出版社,1999.10
    264页;26cm
    全国普通林业中等专业学校试用教材
    
    ISBN 7-5038-2232-5:CNY20.00
    
●
相关链接 在五车中查询图书 在当当中查询图书 在豆瓣中查询图书


正题名:木制品生产工艺学     索取号:TS66/1         预约/预借

序号 登录号 条形码 馆藏地/架位号 状态 备注
1 641725   2000641725   中心书库中库/ 中库025架A面7列2层22/ [索取号:TS66/1] 在馆    
2 641726   2000641726   中心书库中库/ 中库025架A面7列2层21/ [索取号:TS66/1] 在馆    
3 641727   2000641727   中心书库中库/ 中库025架A面7列2层24/ [索取号:TS66/1] 在馆    
4 641728   2000641728   中心书库中库/ 中库025架A面7列2层23/ [索取号:TS66/1] 在馆    
5 641729   2000641729   中心书库中库/ 中库025架A面7列2层25/ [索取号:TS66/1] 在馆    
6 641730   2000641730   中心书库中库/ 中库025架A面7列2层20/ [索取号:TS66/1] 在馆    
7 641731   2000641731   中心书库中库/ 中库025架A面7列2层17/ [索取号:TS66/1] 在馆    
8 641732   2000641732   中心书库中库/ 中库025架A面7列2层16/ [索取号:TS66/1] 在馆    
9 641733   2000641733   中心书库中库/ 中库025架A面7列2层19/ [索取号:TS66/1] 在馆    
10 641734   2000641734   中心书库中库/ 中库025架A面7列2层18/ [索取号:TS66/1] 在馆    
山东省滨州职业学院图书馆 欢迎您!
大连网信软件有限公司© 版权所有